|
|
|
|
| LEADER |
01864nam a22004334a 4500 |
| 001 |
EBC432153 |
| 003 |
MiAaPQ |
| 005 |
20200520144314.0 |
| 006 |
m o d | |
| 007 |
cr cn||||||||| |
| 008 |
050413s2005 ilua sb 001 0 eng |
| 010 |
|
|
|z 2005010524
|
| 020 |
|
|
|z 0226116123 (alk. paper)
|
| 035 |
|
|
|a (MiAaPQ)EBC432153
|
| 035 |
|
|
|a (Au-PeEL)EBL432153
|
| 035 |
|
|
|a (CaPaEBR)ebr10275470
|
| 035 |
|
|
|a (CaONFJC)MIL200481
|
| 035 |
|
|
|a (OCoLC)313200847
|
| 040 |
|
|
|a MiAaPQ
|c MiAaPQ
|d MiAaPQ
|
| 050 |
|
4 |
|a HC106.3
|b .C714 vol. 65
|a HC79.C3
|
| 082 |
0 |
4 |
|a 330 s
|a 332/.041/015195
|2 22
|
| 245 |
0 |
0 |
|a Measuring capital in the new economy
|h [electronic resource] /
|c edited by Carol Corrado, John Haltiwanger, and Daniel Sichel.
|
| 260 |
|
|
|a Chicago :
|b University of Chicago Press,
|c c2005.
|
| 300 |
|
|
|a ix, 591 p. :
|b ill.
|
| 490 |
1 |
|
|a Studies in income and wealth ;
|v v. 65
|
| 500 |
|
|
|a Papers presented at a conference at the Federal Reserve Board in Washington, D.C, held in Apr. 2002 by the Conference on Research in Income and Wealth of the National Bureau of Economic Research.
|
| 504 |
|
|
|a Includes bibliographical references and indexes.
|
| 533 |
|
|
|a Electronic reproduction. Ann Arbor, MI : ProQuest, 2015. Available via World Wide Web. Access may be limited to ProQuest affiliated libraries.
|
| 650 |
|
0 |
|a Capital
|x Statistical methods.
|
| 650 |
|
0 |
|a Capital investments
|x Statistical methods.
|
| 650 |
|
0 |
|a Capital productivity
|x Statistical methods.
|
| 655 |
|
4 |
|a Electronic books.
|
| 700 |
1 |
|
|a Corrado, Carol.
|
| 700 |
1 |
|
|a Haltiwanger, John C.
|
| 700 |
1 |
|
|a Sichel, Daniel E.
|
| 710 |
2 |
|
|a Conference on Research in Income and Wealth.
|
| 710 |
2 |
|
|a ProQuest (Firm)
|
| 830 |
|
0 |
|a Studies in income and wealth ;
|v v. 65.
|
| 856 |
4 |
0 |
|u https://ebookcentral.proquest.com/lib/matrademy/detail.action?docID=432153
|z Click to View
|